000 01263nam a22003497a 4500
003 CHAP
005 20220329140010.0
008 971013s1995 r 00010 d
010 _a45287
011 _a46259
035 _a50400
040 _cCHAP
090 _aTesis
100 0 0 _aJaimes Jaimes, Josafath.
_960933
245 _aDiseño y construcción de una máquina extractora de semilla de tomate de cáscara (Physalis ixocarpa Brot.)
260 _aChapingo, Méx. :
_bEl autor,
_c1995
300 _a156 h.
_b: ilus. ; anexos
502 _aTesis (Ing. Mecánico Agrícola) -- UACH. Departamento de Ingeniería Mecánica Agrícola
590 _aALEPH
_b10
_c20130110
_lUCH01
_h1315
590 _aBATCH-UPD
_b10
_c20130110
_lUCH01
_h0252
590 _aBATCH-UPD
_b10
_c20130110
_lUCH01
_h1534
590 _aBATCH-UPD
_b10
_c20130409
_lUCH01
_h2323
590 _aBATCH-UPD
_b10
_c20130914
_lUCH01
_h1700
590 _aCONVERSION
_b10
_c20130109
_lUCH01
_h1325
650 1 4 _aMaquinaria agrícola
_xDiseño.
_971168
650 1 4 _aTomate verde
_xSemilla.
_9113836
700 0 _aTorres Aguilar, Salvador.
_9114036
901 _aBK
942 _cFOLL
949 _bBC
_cTES
_d-113231
_eTS1
_h30498
_i50400
_si
949 _bBC
_cTES
_d33724000006821
_eTS2
_fc.2
_h30499
_i50400
_si
999 _c45287
_d45287